000
00228 a2200097 4500
001
49359
100
_a
Trollope
245
_a
The Last Chronicle of Barset
260
_a
London
_b
Oxford University Press
_c
090
_c
31903
_d
31903
942
_a
NUST-CAE
_c
M
_c
24340
999
_c
284432
_d
284432